To speak in pairs : essays on the ritual languages of eastern Indonesia

Bibliographic Details
Published in:Cambridge studies in oral and literate culture
Main Author: Fox, James J. (ed.)
Content type: Book
Published: Cambridge: Univ. Pr. 1988
Series:Cambridge studies in oral and literate culture ; 15
Source:MPIPL_cat

MARC

LEADER 00000nam a2200000 ub4500
001 PL0052330
003 PLI01000000000000000052063
005 00000000000000.0
008 ||| u
020 |a 0-521-34332-1 
020 |a 9780521343329 
090 |a 407.4-Tos/1 
100 1 |a Fox, James J.  |e [ed.] 
245 0 0 |a To speak in pairs  |b essays on the ritual languages of eastern Indonesia  |c ed. by James J. Fox 
260 |a Cambridge  |b Univ. Pr.  |c 1988 
300 |a XI, 338 S. 
490 0 |a Cambridge studies in oral and literate culture  |v 15 
830 0 |w PL0000945 
852 |c 407.4-Tos/1  |m BOOK